[Event "Olympiad Women-45"]
[Site "Budapest"]
[Date "2024.09.14"]
[Round "4.61"]
[White "Spinola, Divania"]
[Black "Khan, Anastasia"]
[Result "0-1"]
[WhiteElo "1583"]
[BlackElo "1859"]
[PlyCount "32"]
[EventDate "2024.09.11"]
[EventType "team-swiss"]
[EventRounds "11"]
[EventCountry "HUN"]
[SourceTitle "EXT 2025"]
[Source "ChessBase"]
[SourceDate "2024.10.14"]
[SourceVersion "1"]
[SourceVersionDate "2024.10.14"]
[SourceQuality "1"]
[WhiteTeam "Kap Verde (W)"]
[BlackTeam "South Korea (W)"]
[WhiteTeamCountry "KAP"]
[BlackTeamCountry "KOR"]

1. e4 c5 2. Nf3 Nc6 3. d4 cxd4 4. Nxd4 Nf6 5. Nc3 e5 6. Nxc6 bxc6 7. Bd3 Bb4 8. Bd2 0-0 9. Na4 Bxd2+ 10. Qxd2 d5 11. exd5 cxd5 12. Be2 Ne4 13. Qe3 Qa5+ 14. Nc3 Bb7 15. f3 d4 16. Qd3 dxc3 0-1

[Event "Moscow op (Women) 16th"]
[Site "Moscow"]
[Date "2020.02.02"]
[Round "9"]
[White "Khan, Anastasia"]
[Black "Donchenko, Ekaterina"]
[Result "1-0"]
[WhiteElo "2010"]
[BlackElo "1760"]
[PlyCount "39"]
[EventDate "2020.01.25"]
[EventType "swiss"]
[EventRounds "9"]
[EventCountry "RUS"]
[SourceTitle "CBM 194 Extra"]
[Source "ChessBase"]
[SourceDate "2020.03.31"]
[SourceVersion "1"]
[SourceVersionDate "2020.03.31"]
[SourceQuality "1"]

1. d4 Nf6 2. Bf4 g6 3. e3 Bg7 4. Nf3 0-0 5. Bd3 d6 6. c3 b6 7. Nbd2 Bb7 8. Qe2 Re8 9. e4 e5 10. dxe5 dxe5 11. Nxe5 Nh5 12. Nxf7 Kxf7 13. Bc4+ Kf8 14. Be3 Nd7 15. 0-0-0 Qe7 16. g4 b5 17. Bb3 c5 18. gxh5 c4 19. Nxc4 bxc4 20. Qxc4 1-0

[Event "Moscow op (Women) 16th"]
[Site "Moscow"]
[Date "2020.01.31"]
[Round "7"]
[White "Shukhman, Anna"]
[Black "Khan, Anastasia"]
[Result "1-0"]
[WhiteElo "1691"]
[BlackElo "2010"]
[PlyCount "59"]
[EventDate "2020.01.25"]
[EventType "swiss"]
[EventRounds "9"]
[EventCountry "RUS"]
[SourceTitle "CBM 194 Extra"]
[Source "ChessBase"]
[SourceDate "2020.03.31"]
[SourceVersion "1"]
[SourceVersionDate "2020.03.31"]
[SourceQuality "1"]

1. e4 c6 2. Nc3 d5 3. Nf3 Bg4 4. h3 Bxf3 5. Qxf3 d4 6. Nb1 e5 7. Qg3 Nd7 8. Bc4 Ngf6 9. Qb3 Nc5 10. Bxf7+ Ke7 11. Qc4 Qd6 12. a4 Ncxe4 13. d3 Nc5 14. 0-0 Kd8 15. f4 Ncd7 16. Be6 Be7 17. Bxd7 Nxd7 18. Nd2 Rf8 19. Nf3 Kc7 20. Bd2 Rae8 21. fxe5 Nxe5 22. Nxe5 Qxe5 23. Rae1 Qd6 24. Rf7 Kc8 25. Re6 Qd8 26. Bf4 c5 27. Rexe7 Rxe7 28. Qxc5+ Kd7 29. Qd6+ Ke8 30. Rxf8+ 1-0

[Event "Moscow op (Women) 16th"]
[Site "Moscow"]
[Date "2020.01.30"]
[Round "6"]
[White "Khan, Anastasia"]
[Black "Sosnina, Ekaterina"]
[Result "1-0"]
[WhiteElo "2010"]
[BlackElo "1750"]
[PlyCount "59"]
[EventDate "2020.01.25"]
[EventType "swiss"]
[EventRounds "9"]
[EventCountry "RUS"]
[SourceTitle "CBM 194 Extra"]
[Source "ChessBase"]
[SourceDate "2020.03.31"]
[SourceVersion "1"]
[SourceVersionDate "2020.03.31"]
[SourceQuality "1"]

1. e4 e5 2. Nf3 Nc6 3. c3 Nf6 4. d4 d5 5. Bb5 Nxe4 6. Nxe5 Bd7 7. Bxc6 Bxc6 8. 0-0 Be7 9. Qg4 0-0 10. f3 Nf6 11. Qh3 Bb5 12. Re1 Nd7 13. Bf4 Nxe5 14. Bxe5 Bh4 15. Bxc7 Qg5 16. f4 Rae8 17. Na3 Qh5 18. Nxb5 Re2 19. Rxe2 Qxe2 20. Qxh4 Qxb2 21. Re1 Qxb5 22. Bd6 Rc8 23. Qg4 Qc6 24. Be5 g6 25. Rc1 Qe8 26. Qh4 Rc6 27. Re1 Re6 28. Rb1 Qc8 29. f5 gxf5 30. Bf6 1-0

[Event "Moscow op (Women) 16th"]
[Site "Moscow"]
[Date "2020.01.26"]
[Round "2"]
[White "Khan, Anastasia"]
[Black "Zvereva, Margarita"]
[Result "1/2-1/2"]
[WhiteElo "2010"]
[BlackElo "1727"]
[PlyCount "81"]
[EventDate "2020.01.25"]
[EventType "swiss"]
[EventRounds "9"]
[EventCountry "RUS"]
[SourceTitle "CBM 194 Extra"]
[Source "ChessBase"]
[SourceDate "2020.03.31"]
[SourceVersion "1"]
[SourceVersionDate "2020.03.31"]
[SourceQuality "1"]

1. d4 d5 2. Bf4 Nf6 3. e3 e6 4. Nd2 c5 5. c3 Nbd7 6. Ngf3 Be7 7. h3 0-0 8. Bd3 c4 9. Bc2 b5 10. Ne5 Bb7 11. Bh2 Ne4 12. 0-0 f6 13. Nxd7 Qxd7 14. f3 Nxd2 15. Qxd2 a5 16. e4 b4 17. Rae1 Rfe8 18. e5 f5 19. g4 fxg4 20. fxg4 Rf8 21. Bf4 Bc6 22. Bg5 Rab8 23. Bb1 Ba4 24. h4 Rxf1+ 25. Rxf1 Rf8 26. Rf4 Rxf4 27. Qxf4 bxc3 28. bxc3 Qb7 29. Bxe7 Qxb1+ 30. Kg2 Qc2+ 31. Qf2 Qxf2+ 32. Kxf2 Bd1 33. Bd8 a4 34. Kg3 Kf7 35. Kf4 Bc2 36. a3 Bd3 37. h5 Be2 38. Kg5 Bd3 39. Kh4 Bc2 40. g5 g6 41. h6 1/2-1/2

[Event "Moscow op (Women) 16th"]
[Site "Moscow"]
[Date "2020.01.25"]
[Round "1"]
[White "Komissarova, Soigina"]
[Black "Khan, Anastasia"]
[Result "1-0"]
[WhiteElo "1609"]
[BlackElo "2010"]
[PlyCount "53"]
[EventDate "2020.01.25"]
[EventType "swiss"]
[EventRounds "9"]
[EventCountry "RUS"]
[SourceTitle "CBM 194 Extra"]
[Source "ChessBase"]
[SourceDate "2020.03.31"]
[SourceVersion "1"]
[SourceVersionDate "2020.03.31"]
[SourceQuality "1"]

1. e4 c5 2. Nf3 b6 3. d4 cxd4 4. Nxd4 Bb7 5. Nc3 a6 6. Be2 e6 7. 0-0 Qc7 8. f4 d6 9. Kh1 Nf6 10. Bf3 Nbd7 11. Qe2 Be7 12. e5 Ng8 13. exd6 Bxd6 14. Ndb5 axb5 15. Nxb5 Qb8 16. Bxb7 Ra5 17. Bc6 Ne7 18. Bxd7+ Kxd7 19. Rd1 Rxb5 20. Qxb5+ Nc6 21. Be3 Rc8 22. Qxb6 Ke7 23. Qxb8 Rxb8 24. b3 Nb4 25. Bd4 Bxf4 26. Bc5+ Kf6 27. Rf1 1-0

[Event "Novokuznetsk SFO-ch U15 Girls"]
[Site "Novokuznetsk"]
[Date "2014.11.04"]
[Round "3"]
[White "Tatarnikova, Ekaterina"]
[Black "Khan, Anastasia"]
[Result "1-0"]
[WhiteElo "1425"]
[BlackElo "1802"]
[PlyCount "97"]
[EventDate "2014.11.02"]
[EventType "swiss"]
[EventRounds "9"]
[EventCountry "RUS"]
[SourceTitle "CBM 163 Extra"]
[Source "ChessBase"]
[SourceDate "2014.12.23"]
[SourceVersion "1"]
[SourceVersionDate "2014.12.23"]
[SourceQuality "1"]

1. d4 d5 2. c4 c6 3. Nc3 Nf6 4. Nf3 dxc4 5. e4 e6 6. Bxc4 Bb4 7. Bg5 Be7 8. Qc2 Nbd7 9. Bd3 h6 10. Bh4 b6 11. h3 Bb7 12. 0-0 0-0 13. Rad1 Re8 14. Bxf6 Nxf6 15. Ne5 Rc8 16. Rfe1 Qc7 17. Nxf7 Kxf7 18. e5 Nd7 19. Bg6+ Kg8 20. Bxe8 Rxe8 21. Qg6 Nf8 22. Qxe8 g6 23. Rd3 Kg7 24. Rf3 Bb4 25. Ne4 Qe7 26. Qxe7+ Bxe7 27. Nd6 Bxd6 28. exd6 c5 29. Rc3 Kf6 30. dxc5 bxc5 31. Rxc5 Bd5 32. Rc7 a5 33. d7 Ke7 34. Ra7 Bxa2 35. Rxa5 Bb3 36. Re3 Bc2 37. Re2 Bb3 38. Rd2 Nxd7 39. Ra7 Bd5 40. Rc2 Kd6 41. Ra6+ Ke5 42. b4 Nb8 43. Ra1 Nc6 44. b5 Nd4 45. Rb2 Kd6 46. b6 Bb7 47. Rc1 Bc6 48. Rc4 Kd5 49. Rxd4+ 1-0

[Event "Novokuznetsk SFO-ch U15 Girls"]
[Site "Novokuznetsk"]
[Date "2014.11.03"]
[Round "2"]
[White "Khan, Anastasia"]
[Black "Schegoleva, Sofia"]
[Result "1-0"]
[WhiteElo "1802"]
[BlackElo "800"]
[PlyCount "41"]
[EventDate "2014.11.02"]
[EventType "swiss"]
[EventRounds "9"]
[EventCountry "RUS"]
[SourceTitle "CBM 163 Extra"]
[Source "ChessBase"]
[SourceDate "2014.12.23"]
[SourceVersion "1"]
[SourceVersionDate "2014.12.23"]
[SourceQuality "1"]

1. d4 d5 2. c4 c6 3. Nf3 e6 4. g3 Nf6 5. Bg2 Nbd7 6. 0-0 Bd6 7. Qc2 0-0 8. b3 e5 9. Bb2 exd4 10. Nxd4 Be5 11. Nd2 Nc5 12. cxd5 Na6 13. dxc6 Bxd4 14. cxb7 Bxb7 15. Bxb7 Nb4 16. Qc1 Rb8 17. Bg2 Rc8 18. Nc4 Re8 19. Rd1 Bxb2 20. Qxb2 Qe7 21. a3 1-0

[Event "Koltsovo op"]
[Site "Koltsovo"]
[Date "2014.07.03"]
[Round "6"]
[White "Khan, Anastasia"]
[Black "Kornienko, Peter"]
[Result "1-0"]
[WhiteElo "1744"]
[BlackElo "1812"]
[PlyCount "107"]
[EventDate "2014.06.28"]
[EventType "swiss"]
[EventRounds "9"]
[EventCountry "RUS"]
[SourceTitle "CBM 161 Extra"]
[Source "ChessBase"]
[SourceDate "2014.08.29"]
[SourceVersion "1"]
[SourceVersionDate "2014.08.29"]
[SourceQuality "1"]

1. d4 d5 2. c4 Nc6 3. Nf3 Bg4 4. Nc3 e6 5. h3 Bxf3 6. exf3 dxc4 7. Be3 Bb4 8. Bxc4 a6 9. 0-0 Nge7 10. Ne4 Nf5 11. d5 Nxe3 12. fxe3 Na5 13. Qa4+ b5 14. Bxb5+ axb5 15. Qxb5+ c6 16. Qxb4 Rb8 17. Nd6+ Kd7 18. dxc6+ Nxc6 19. Qd2 Ke7 20. Rfd1 Qc7 21. Qc3 Rhd8 22. Ne4 Qb6 23. Rac1 Nb4 24. Qc7+ Qxc7 25. Rxc7+ Kf8 26. Rxd8+ Rxd8 27. Ng5 Rd1+ 28. Kh2 h6 29. Nxf7 Nd5 30. Rd7 Rb1 31. e4 Ne3 32. Rb7 Nc4 33. b3 Ne3 34. Nd8 g5 35. Nxe6+ Kg8 36. f4 Rb2 37. Kg3 gxf4+ 38. Nxf4 Rxa2 39. Kf3 Nd1 40. e5 Rf2+ 41. Ke4 Nc3+ 42. Kd3 Rxf4 43. Kxc3 Rf2 44. g4 Rf3+ 45. Kd4 Rxh3 46. Ke4 Rh1 47. Kf5 Rg1 48. b4 Kf8 49. b5 Rf1+ 50. Ke6 Rf4 51. b6 Rxg4 52. Rf7+ Kg8 53. b7 Rb4 54. Rc7 1-0